[Event "Lienz op-B 18th"]
[Site "Lienz"]
[Date "2015.02.08"]
[Round "3"]
[White "Dangl, Christian"]
[Black "Pruell, Lukas"]
[Result "1/2-1/2"]
[WhiteElo "1873"]
[BlackElo "1988"]
[PlyCount "146"]
[EventDate "2015.02.07"]
[EventType "swiss"]
[EventRounds "9"]
[EventCountry "AUT"]
[SourceTitle "CBM 165 Extra"]
[Source "ChessBase"]
[SourceDate "2015.04.21"]
[SourceVersion "1"]
[SourceVersionDate "2015.04.21"]
[SourceQuality "1"]

1. c4 Nf6 2. Nc3 g6 3. g3 Bg7 4. Bg2 0-0 5. Nf3 d6 6. 0-0 Nc6 7. d3 e5 8. Bd2 Re8 9. Qc1 e4 10. Ne1 exd3 11. exd3 Bf5 12. Bg5 Qd7 13. Qd2 Nd4 14. Be3 Nc6 15. Rd1 Ng4 16. d4 Rab8 17. b3 Ne7 18. Nf3 Nxe3 19. fxe3 Bg4 20. e4 Nc6 21. Qe3 Re7 22. Nd5 Ree8 23. Rd2 Ne7 24. Qf4 Nxd5 25. cxd5 Bxf3 26. Bxf3 Re7 27. Kg2 Rf8 28. Bg4 Qe8 29. Bf3 f5 30. exf5 Rxf5 31. Qg4 Qf8 32. Be2 Rxf1 33. Bxf1 Qe8 34. Re2 Rxe2+ 35. Bxe2 Bxd4 36. Qf3 Qf7 37. h3 Be5 38. Qe4 Kg7 39. Bg4 Qf6 40. Be6 Qg5 41. Qf3 Qf6 42. Bc8 b6 43. g4 Bf4 44. Qe2 Qe5 45. Kf3 Kf6 46. Bb7 Kg5 47. Qxe5+ dxe5 48. Bc6 Kh4 49. Kg2 Kg5 50. Kf3 h5 51. gxh5 gxh5 52. Ke4 Kh4 53. Bd7 Kg3 54. Bf5 Kf2 55. Kd3 Ke1 56. a4 a5 57. Be4 Kf2 58. Bf5 Kg3 59. Ke4 Kh4 60. Bd7 Kg5 61. Bc6 Kf6 62. Bb5 Ke7 63. Kd3 Kd6 64. Kc4 e4 65. Kd4 e3 66. Bc4 Bh6 67. Be2 h4 68. Bf3 Bg5 69. Be2 Ke7 70. Ke5 Bf6+ 71. Kf5 Bd4 72. Ke4 Bc5 73. Ke5 Bd6+ 1/2-1/2

[Event "Latschach op 28th"]
[Site "Latschach"]
[Date "2012.08.11"]
[Round "1"]
[White "Dangl, Christian"]
[Black "Gagare, Shardul"]
[Result "0-1"]
[WhiteElo "1858"]
[BlackElo "2287"]
[PlyCount "80"]
[EventDate "2012.08.11"]
[EventType "swiss"]
[EventRounds "9"]
[EventCountry "AUT"]
[SourceTitle "CBM 149 Extra"]
[Source "ChessBase"]
[SourceDate "2012.08.24"]
[SourceVersion "1"]
[SourceVersionDate "2012.08.24"]
[SourceQuality "1"]

1. c4 c5 2. Nc3 Nc6 3. g3 g6 4. Bg2 Bg7 5. Nf3 e5 6. d3 d6 7. Nd5 h6 8. a3 Nge7 9. e4 0-0 10. 0-0 a5 11. Bd2 f5 12. Bc3 Be6 13. Qd2 Kh7 14. h4 Rb8 15. b3 b5 16. Rab1 b4 17. axb4 axb4 18. Bb2 Qd7 19. Ra1 Rf7 20. Kh2 Rbf8 21. Ng1 f4 22. gxf4 Rxf4 23. Nxf4 Rxf4 24. Nf3 Bg4 25. Kg3 Bf6 26. Rh1 Bh5 27. Rh3 Bxf3 28. Bxf3 Rxf3+ 29. Kxf3 Qxh3+ 30. Ke2 Qg4+ 31. f3 Qxh4 32. Qe3 Bg5 33. Qf2 Qxf2+ 34. Kxf2 Bd2 35. Rh1 g5 36. Ke2 Bc3 37. Bc1 Nd4+ 38. Kf2 Kg6 39. Be3 Nxb3 40. Rg1 Bd4 0-1

[Event "Latschach op 25th"]
[Site "Latschach"]
[Date "2009.08.08"]
[Round "1"]
[White "Kowalak, Piotr"]
[Black "Dangl, Christian"]
[Result "1-0"]
[WhiteElo "2185"]
[BlackElo "1876"]
[PlyCount "88"]
[EventDate "2009.08.08"]
[EventType "swiss"]
[EventRounds "9"]
[EventCountry "AUT"]
[SourceTitle "CBM 131 Extra"]
[Source "ChessBase"]
[SourceDate "2009.09.03"]
[SourceVersion "2"]
[SourceVersionDate "2009.09.16"]
[SourceQuality "1"]

1. e4 c5 2. Nf3 Nc6 3. d4 cxd4 4. Nxd4 Nf6 5. Nc3 e5 6. Ndb5 d6 7. Nd5 Nxd5 8. exd5 Ne7 9. c4 a6 10. Qa4 axb5 11. Qxa8 bxc4 12. Bxc4 f6 13. 0-0 g5 14. Bd2 Bg7 15. Bb4 0-0 16. Qa3 Kh8 17. Bxd6 Re8 18. Bb5 Bd7 19. Bxd7 Qxd7 20. Bxe7 Rxe7 21. Rfd1 Bf8 22. Rd2 Re8 23. d6 Rd8 24. Rad1 Qf5 25. Qd3 Qe6 26. d7 Be7 27. Qb5 Qxa2 28. Qxb7 Qe6 29. Qd5 Qxd5 30. Rxd5 Kg7 31. Rc1 Kf7 32. Rc8 Ke6 33. Rxd8 Bxd8 34. Rd2 Ke7 35. Kf1 Bc7 36. Ke2 f5 37. f3 h6 38. g3 Kd8 39. Rd5 Ke7 40. Kd3 Kd8 41. Kc4 f4 42. gxf4 gxf4 43. Kd3 Ke7 44. d8Q+ Bxd8 1-0

[Event "Lienz op"]
[Site "Lienz"]
[Date "2007.02.10"]
[Round "1"]
[White "Farago, Ivan"]
[Black "Dangl, Christian"]
[Result "1-0"]
[WhiteElo "2479"]
[BlackElo "1827"]
[PlyCount "24"]
[EventDate "2007.02.10"]
[EventType "swiss"]
[EventRounds "9"]
[EventCountry "AUT"]
[SourceTitle "EXT 2008"]
[Source "ChessBase"]
[SourceDate "2007.11.25"]
[SourceVersion "1"]
[SourceVersionDate "2007.11.25"]
[SourceQuality "1"]

1. d4 d5 2. c4 e6 3. Nf3 Nf6 4. Nc3 Be7 5. Bf4 c6 6. e3 Nbd7 7. c5 Qa5 8. Bd3 Ne4 9. Bxe4 dxe4 10. Nd2 f5 11. 0-0 0-0 12. Nc4 Nf6 1-0

[Event "Latschach op 22nd"]
[Site "Latschach"]
[Date "2006.08.12"]
[Round "1"]
[White "Mandekic, Ivan"]
[Black "Dangl, Christian"]
[Result "1-0"]
[WhiteElo "2251"]
[BlackElo "1879"]
[PlyCount "105"]
[EventDate "2006.08.12"]
[EventType "swiss"]
[EventRounds "9"]
[EventCountry "AUT"]
[SourceTitle "CBM 113 Extra"]
[Source "ChessBase"]
[SourceDate "2006.09.14"]
[SourceVersion "1"]
[SourceVersionDate "2006.09.14"]
[SourceQuality "1"]

1. c4 Nf6 2. Nf3 d6 3. g3 g6 4. Bg2 Bg7 5. 0-0 0-0 6. Nc3 c6 7. d3 Bd7 8. Rb1 Qc8 9. Re1 Na6 10. Bg5 Nc7 11. Qc1 Re8 12. b4 a6 13. Na4 Qd8 14. Nb6 Rb8 15. Nxd7 Qxd7 16. a4 Ne6 17. Bd2 Nf8 18. b5 axb5 19. axb5 Rec8 20. Qa3 Ra8 21. Qb3 Rc7 22. Bc3 c5 23. Ra1 Rcc8 24. b6 Ne6 25. Ra7 Rxa7 26. bxa7 Nd8 27. Ra1 Ra8 28. d4 Ne4 29. Bb2 cxd4 30. Bxd4 Nc5 31. Qb6 Nc6 32. Bxg7 Kxg7 33. e3 e5 34. Nd2 Qd8 35. Qxd8 Nxd8 36. Ne4 Nxe4 37. Bxe4 Nc6 38. Bxc6 bxc6 39. Ra6 d5 40. Kf1 dxc4 41. Ke2 Kf8 42. Kd2 Ke8 43. Kc3 Kd7 44. Kxc4 Kc7 45. Kc5 Kb7 46. Ra4 f5 47. f3 Kc7 48. e4 fxe4 49. fxe4 g5 50. g4 h6 51. Ra3 Kb7 52. Ra2 Kc7 53. Rf2 1-0

[Event "Villach Admira 60 op"]
[Site "Villach"]
[Date "2006.02.17"]
[Round "8"]
[White "Halvax, Georg"]
[Black "Dangl, Christian"]
[Result "1-0"]
[WhiteElo "1969"]
[BlackElo "1879"]
[PlyCount "79"]
[EventDate "2006.02.11"]
[EventType "swiss"]
[EventRounds "9"]
[EventCountry "AUT"]
[SourceTitle "CBM 110 Extra"]
[Source "ChessBase"]
[SourceDate "2006.03.10"]
[SourceVersion "2"]
[SourceVersionDate "2006.03.10"]
[SourceQuality "1"]

1. e4 c5 2. Nf3 e6 3. d4 cxd4 4. Nxd4 Nc6 5. c4 Nf6 6. Nxc6 bxc6 7. e5 Qa5+ 8. Nd2 Qxe5+ 9. Be2 Be7 10. Nf3 Qc7 11. 0-0 0-0 12. Qc2 Ne8 13. Be3 f5 14. c5 Nf6 15. Rfd1 Nd5 16. Bd4 Bf6 17. Bc4 Bb7 18. Rab1 a5 19. a3 Ba6 20. b3 Qc8 21. Ne5 Qc7 22. Qe2 Bb7 23. b4 axb4 24. axb4 Ra4 25. Bxd5 cxd5 26. f4 Rb8 27. Qh5 Rf8 28. Rd3 Qd8 29. Rh3 h6 30. Rg3 Kh7 31. Bc3 Qe8 32. Qxe8 Rxe8 33. Nxd7 Bxc3 34. Rxc3 Rd8 35. Nb6 Ra7 36. c6 Rd6 37. b5 Ra5 38. Nd7 Bc8 39. b6 Bxd7 40. b7 1-0